Пропуск в контексте

Дартс как элективный курс учебно-методическое пособие

Учебно-методическое пособие подготовлено в соответствии с требованиями ФГОС ВО 3++ для обучающихся всех специальностей для изучения элективного курса «Профессионально-прикладная физическая подготовка» на основании рабочей программы действующего учебного плана. В пособии представлены основные методич...

全面介紹

Сохранить в:
書目詳細資料
主要作者: Закиев А. М.
其他作者: Гайнуллин Р. А., Юсупов И. Р.
格式: Книга
語言:Russian
出版: Уфа БГМУ 2022
在線閱讀:https://e.lanbook.com/book/320663
https://e.lanbook.com/img/cover/book/320663.jpg
標簽: 添加標簽
沒有標簽, 成為第一個標記此記錄!
LEADER 02589nam0a2200289 i 4500
001 320663
003 RuSpLAN
005 20240216150941.0
008 240216s2022 ru gs 000 0 rus
040 |a RuSpLAN 
041 0 |a rus 
044 |a ru 
080 |a 797.2:[61:378.172] (075.80 
084 |a 75.717.5+74.480 я7  |2 rubbk 
245 0 0 |a Дартс как элективный курс  |b учебно-методическое пособие  |c Закиев А. М.,Гайнуллин Р. А.,Юсупов И. Р. 
260 |a Уфа  |b БГМУ  |c 2022 
300 |a 74 с. 
504 |a Библиогр.: доступна в карточке книги, на сайте ЭБС Лань 
520 8 |a Учебно-методическое пособие подготовлено в соответствии с требованиями ФГОС ВО 3++ для обучающихся всех специальностей для изучения элективного курса «Профессионально-прикладная физическая подготовка» на основании рабочей программы действующего учебного плана. В пособии представлены основные методические основы организации и проведения занятий по дартсу как одного из разделов элективного курса «Профессионально-прикладная физическая подготовка». Издание служит помощником по овладению знаниями, умениями и навыками дартса в профессиональной подготовке с учетом специфики обучения в медицинском вузе. Предназначено для обучающихся всех специальностей для изучения элективного курса «Профессионально-прикладная физическая подготовка» (раздел «Дартс»), для обучающихся специальных медицинских групп. 
521 8 |a Книга из коллекции БГМУ - Физкультура и Спорт 
521 8 |a СЭБ 
100 1 |a Закиев А. М. 
700 1 |a Гайнуллин Р. А. 
700 1 |a Юсупов И. Р. 
856 4 |u https://e.lanbook.com/book/320663 
856 4 8 |u https://e.lanbook.com/img/cover/book/320663.jpg 
953 |a https://e.lanbook.com/img/cover/book/320663.jpg